| 000 | 00619nam a2200193 a 4500 | ||
|---|---|---|---|
| 005 | 20140412111254.0 | ||
| 008 | 030414s19uu xx 00 eng d | ||
| 020 | _a0-590-48915-1 | ||
| 050 |
_aTR(PS E _bFr84Wa 1995 |
||
| 100 | _aBourgeois, Paulette | ||
| 245 |
_aFranklin wants a pet / _cText by Paulette Bourgeois ; illustrated by Brenda Clark. |
||
| 260 |
_aNew York : _bScholastic Inc, _c1995. |
||
| 300 | _a1 v. (unp.) ; ill. | ||
| 440 | _aFranklin | ||
| 520 | _aFranklin loves his stuffed dog, Sam. But now he wants a real pet. | ||
| 650 | _aPets--Fiction | ||
| 650 | _aTurtles--Fiction | ||
| 999 |
_c103213 _d103213 |
||